| 000 | 00547nam a22001937a 4500 | ||
|---|---|---|---|
| 003 | OSt | ||
| 005 | 20231012115950.0 | ||
| 008 | 231012b |||||||| |||| 00| 0 eng d | ||
| 020 | _a0415417686 | ||
| 040 | _cDDC. | ||
| 082 | _a388.42 VRI 2007. | ||
| 100 |
_aVries,Jan De; _916744 |
||
| 245 | _aEuropean Urbanization 1500-1800 | ||
| 260 |
_aLondon , _bMethuen and Co. ltd _c2007. |
||
| 300 |
_axvii,398p; _bill; _c25cm. |
||
| 500 | _anotes, references,bibliography and index are included. | ||
| 650 |
_aUrbanisation. _916745 |
||
| 942 |
_2ddc _cO_SHELF |
||
| 999 |
_c8206 _d8206 |
||